| 000 | 00929nam a2200301Ia 4500 | ||
|---|---|---|---|
| 001 | 11035 | ||
| 003 | IT-RoPAU | ||
| 008 | 130308s9999 xx 000 0 und d | ||
| 040 | _aIT-RoPAU | ||
| 040 | _cIT-RoPAU | ||
| 041 | _aRUSSO | ||
| 100 | _aNikolaeva T.M. | ||
| 100 | _gCodice Aut. SPICS: 3226 | ||
| 245 | _aInterference des moyens de communication linguistique et non linguistique dans la communication humaine (L') | ||
| 245 | _bRecherches Sur Les Systemes Signifiants | ||
| 250 | _a1a ed. | ||
| 260 | _aPARIS | ||
| 260 | _bMouton | ||
| 260 | _c1973 [1° Ed.:1973 - Ed.Ling.Originale:1968] | ||
| 300 | _a"17 p. (prefazione: no ; testo: 17 [pagine: 63-79])" | ||
| 500 | _aInterferenza dei mezzi di Comunicazione Linguistica e Non Linguistica nella Comunicazione Umana | ||
| 650 | _aSEMIOLOGIA | ||
| 650 | _eCodice materia Spics: 3251 | ||
| 942 | _cBK | ||
| 957 | _71 | ||
| 999 |
_c40828 _d40828 |
||
| 999 | _bSI | ||
| 999 | _g1 | ||